[Event "17. European Women's Championship 2016"]
[Site "Mamaia ROU"]
[Date "2016.06.04"]
[Round "8.27"]
[White "Gevorgyan, Maria"]
[Black "Cosma, Elena-Luminita"]
[Result "0-1"]
[WhiteElo "2257"]
[BlackElo "2333"]
[PlyCount "70"]
[EventDate "2016.05.27"]
[EventType "swiss"]
[EventRounds "11"]
[EventCountry "ROU"]
[Source "lmi"]
[SourceDate "2016.05.26"]

1. e4 e6 2. d4 d5 3. Nc3 Nf6 4. Bg5 Be7 5. e5 Nfd7 6. h4 h6 7. Bxe7 Qxe7 8. Qg4
O-O 9. f4 c5 10. Nb5 Nc6 11. Nf3 a6 12. Nd6 cxd4 13. Bd3 Nc5 14. O-O-O Bd7 15.
Kb1 Rad8 16. Rh3 f5 17. Qg3 Be8 18. h5 Rxd6 19. exd6 Qxd6 20. Rh4 Ne4 21. Qe1
Nf6 22. Be2 Ng4 23. Qd2 Nf2 24. Rg1 Ne4 25. Qe1 Nf6 26. Qd2 Qc5 27. Rgh1 Ne4
28. Qe1 Nb4 29. Bd1 Ba4 30. Qe2 Rc8 31. Ne1 Bb5 32. Nd3 Bxd3 33. Qe1 Bxc2+ 34.
Bxc2 Qxc2+ 35. Ka1 Qa4 0-1

[Event "17. European Women's Championship 2016"]
[Site "Mamaia ROU"]
[Date "2016.06.04"]
[Round "8.28"]
[White "Manakova, Maria"]
[Black "Nikolova, Adriana"]
[Result "0-1"]
[WhiteElo "2254"]
[BlackElo "2331"]
[PlyCount "110"]
[EventDate "2016.05.27"]
[EventType "swiss"]
[EventRounds "11"]
[EventCountry "ROU"]
[Source "lmi"]
[SourceDate "2016.05.26"]

1. e4 c5 2. Nf3 Nc6 3. Bb5 Nf6 4. Nc3 Qc7 5. O-O a6 6. Bxc6 dxc6 7. e5 Nd5 8.
Ne4 Bg4 9. Nxc5 e6 10. Nd3 Rd8 11. Re1 c5 12. b3 Bf5 13. Qe2 c4 14. bxc4 Qxc4
15. Nb2 Qxe2 16. Rxe2 Nf4 17. Re1 Bxc2 18. d4 Nd5 19. Bg5 Rc8 20. a3 h6 21. Bd2
Kd7 22. Rec1 Be7 23. Ne1 Bg6 24. Nc4 b5 25. Na5 Rxc1 26. Bxc1 Kc7 27. Bd2 Kb6
28. Rc1 Bxa3 29. Rc6+ Ka7 30. Nc2 Bxc2 31. Rxc2 Re8 32. Kf1 Be7 33. Rc6 b4 34.
Ke2 Rb8 35. Kd3 Rb5 36. Nb3 Kb7 37. Rc1 a5 38. Ra1 Ka6 39. f4 Nb6 40. g4 Rd5
41. f5 a4 42. Nc1 Kb5 43. Na2 Bc5 44. Be3 a3 45. Rb1 Ka4 46. h4 Rd7 47. g5 hxg5
48. hxg5 g6 49. fxe6 fxe6 50. Rc1 b3 51. Nc3+ Ka5 52. Ne4 Bb4 53. Nc5 b2 54.
Nxd7 a2 55. Nc5 b1=Q+ 0-1

[Event "17. European Women's Championship 2016"]
[Site "Mamaia ROU"]
[Date "2016.06.04"]
[Round "8.29"]
[White "Ovod, Evgenija"]
[Black "Movileanu, Daniela"]
[Result "1-0"]
[WhiteElo "2329"]
[BlackElo "2247"]
[PlyCount "69"]
[EventDate "2016.05.27"]
[EventType "swiss"]
[EventRounds "11"]
[EventCountry "ROU"]
[Source "lmi"]
[SourceDate "2016.05.26"]

1. d4 d5 2. c4 dxc4 3. Nf3 Nf6 4. e3 Be6 5. Na3 c5 6. Nxc4 cxd4 7. Nxd4 Bd5 8.
f3 e6 9. Bd2 Be7 10. Bc3 O-O 11. e4 Bc6 12. Qb3 Qc7 13. Na5 Rd8 14. Ndxc6 bxc6
15. Qb7 Qxb7 16. Nxb7 Rc8 17. O-O-O Nbd7 18. g4 Nc5 19. Nxc5 Bxc5 20. Ba6 Rcb8
21. h4 Rb6 22. Bc4 a5 23. Rd3 Kf8 24. Rhd1 Rbb8 25. Kc2 Ra7 26. g5 Ne8 27. h5
Ke7 28. h6 gxh6 29. gxh6 Rbb7 30. e5 f6 31. f4 Kf7 32. f5 fxe5 33. Bxe5 Bf8 34.
fxe6+ Ke7 35. Rf1 1-0

[Event "17. European Women's Championship 2016"]
[Site "Mamaia ROU"]
[Date "2016.06.04"]
[Round "8.30"]
[White "Rakhmangulova, Anastasiya"]
[Black "Mammadzada, Gunay"]
[Result "1-0"]
[WhiteElo "2245"]
[BlackElo "2318"]
[PlyCount "52"]
[EventDate "2016.05.27"]
[EventType "swiss"]
[EventRounds "11"]
[EventCountry "ROU"]
[Source "lmi"]
[SourceDate "2016.05.26"]

1. e4 c5 2. Nf3 d6 3. d4 cxd4 4. Nxd4 Nf6 5. Nc3 a6 6. Bg5 Nbd7 7. f4 Qc7 8.
Qf3 b5 9. O-O-O Bb7 10. Bxf6 Nxf6 11. g4 e6 12. g5 b4 13. Ncb5 axb5 14. gxf6
gxf6 15. Qh5 Ke7 16. Bxb5 Rxa2 17. Kb1 Ra5 18. e5 Bd5 19. Nc6+ Bxc6 20. exd6+
Qxd6 21. Rxd6 Rxb5 22. Qd1 Bd5 23. Ra6 Bxh1 24. Qxh1 Rd5 25. Qg1 f5 26. Qg5+
Ke8 1-0

[Event "17. European Women's Championship 2016"]
[Site "Mamaia ROU"]
[Date "2016.06.04"]
[Round "8.32"]
[White "Zaksaite, Salomeja"]
[Black "Mamedjarova, Zeinab"]
[Result "1/2-1/2"]
[WhiteElo "2312"]
[BlackElo "2236"]
[PlyCount "54"]
[EventDate "2016.05.27"]
[EventType "swiss"]
[EventRounds "11"]
[EventCountry "ROU"]
[Source "lmi"]
[SourceDate "2016.05.26"]

1. e4 d6 2. d4 Nf6 3. Nc3 Nbd7 4. Nf3 c5 5. dxc5 Nxc5 6. e5 Nfd7 7. exd6 exd6
8. Be2 Nf6 9. O-O Be7 10. Nd4 O-O 11. Bf3 d5 12. Bf4 Nce4 13. Qd3 Nc5 14. Qe3
Re8 15. Rfd1 a6 16. Nb3 Bf8 17. Qd2 Be6 18. Bg5 Nxb3 19. axb3 h6 20. Bh4 Be7
21. Ra4 Rc8 22. h3 Kh8 23. Bxf6 Bxf6 24. Nxd5 Bxb2 25. c3 Bxc3 26. Nxc3 Qxd2
27. Rxd2 Rxc3 1/2-1/2

[Event "17. European Women's Championship 2016"]
[Site "Mamaia ROU"]
[Date "2016.06.04"]
[Round "8.33"]
[White "Tomilova, Elena"]
[Black "Hapala, Elisabeth"]
[Result "1-0"]
[WhiteElo "2305"]
[BlackElo "2227"]
[PlyCount "89"]
[EventDate "2016.05.27"]
[EventType "swiss"]
[EventRounds "11"]
[EventCountry "ROU"]
[Source "lmi"]
[SourceDate "2016.05.26"]

1. e4 c5 2. Nf3 e6 3. g3 Nc6 4. Bg2 Nf6 5. Qe2 e5 6. O-O Be7 7. c3 O-O 8. Rd1
d5 9. d4 cxd4 10. cxd4 dxe4 11. Nxe5 Qb6 12. Be3 Qa5 13. Nc4 Qa6 14. h3 Be6 15.
b3 Na5 16. Nbd2 Rac8 17. Bf1 Rfd8 18. Nxa5 Qxa5 19. Nc4 Qh5 20. Qxh5 Nxh5 21.
d5 Rxd5 22. Rxd5 Bxd5 23. Bxa7 Be6 24. Be3 Nf6 25. a4 Nd5 26. Bd4 Bb4 27. Rd1
f5 28. Be5 Rc6 29. h4 h6 30. h5 Kh7 31. Bh3 Nb6 32. Ne3 g6 33. Ba1 Bc3 34. Bxc3
Rxc3 35. hxg6+ Kxg6 36. Rd6 Rc6 37. Bxf5+ Kf6 38. Rxc6 bxc6 39. Bxe4 Bxb3 40.
a5 Nc8 41. Bxc6 h5 42. Be8 Kg5 43. f4+ Kh6 44. Nf5+ Kh7 45. Bxh5 1-0

[Event "17. European Women's Championship 2016"]
[Site "Mamaia ROU"]
[Date "2016.06.04"]
[Round "8.35"]
[White "Hojjatova, Aydan"]
[Black "Ionescu, Irina"]
[Result "1/2-1/2"]
[WhiteElo "2300"]
[BlackElo "2181"]
[PlyCount "125"]
[EventDate "2016.05.27"]
[EventType "swiss"]
[EventRounds "11"]
[EventCountry "ROU"]
[Source "lmi"]
[SourceDate "2016.05.26"]

1. e4 d6 2. d4 Nf6 3. Nc3 e5 4. dxe5 dxe5 5. Qxd8+ Kxd8 6. Nf3 Bd6 7. Bg5 Be6
8. O-O-O Nbd7 9. Bb5 Kc8 10. Nh4 Ng4 11. Rdf1 h6 12. Bd2 Bc5 13. Be1 c6 14. Be2
Ngf6 15. Bd2 g5 16. Nf3 b5 17. Bd3 Kb7 18. Kb1 a6 19. Nd1 Bd6 20. Re1 c5 21. c3
c4 22. Bc2 Nc5 23. Bc1 a5 24. Nd2 b4 25. Ka1 b3 26. Bb1 bxa2 27. Kxa2 a4 28.
Ne3 Nb3 29. Bc2 a3 30. Ndxc4 Nxc1+ 31. Rxc1 axb2+ 32. Kxb2 Kc7 33. Rcd1 Bc5 34.
Rb1 Ng4 35. Nxg4 Bxc4 36. Bb3 Rhb8 37. Kc2 Bxb3+ 38. Rxb3 Ra2+ 39. Kb1 Rba8 40.
Rc1 Re2 41. Nxe5 Rxe4 42. Nd3 Bd6 43. Rc2 Bxh2 44. Rcb2 Ra7 45. g3 h5 46. Rb5
h4 47. Rc5+ Kd6 48. Rxg5 hxg3 49. fxg3 Bg1 50. Rbb5 Ke7 51. Rge5+ Rxe5 52.
Rxe5+ Kd6 53. Re1 Bb6 54. Rh1 Kd5 55. Rh4 f6 56. c4+ Kc6 57. Rf4 Bd8 58. Rf5
Rg7 59. Nb4+ Kb7 60. Rf3 Rg4 61. Nd5 Rxc4 62. Nxf6 Kc6 63. g4 1/2-1/2

[Event "17. European Women's Championship 2016"]
[Site "Mamaia ROU"]
[Date "2016.06.04"]
[Round "8.36"]
[White "Dragomirescu, Angela"]
[Black "Babiy, Olga"]
[Result "0-1"]
[WhiteElo "2215"]
[BlackElo "2337"]
[PlyCount "49"]
[EventDate "2016.05.27"]
[EventType "swiss"]
[EventRounds "11"]
[EventCountry "ROU"]
[Source "lmi"]
[SourceDate "2016.05.26"]

1. d4 Nf6 2. c4 e6 3. g3 d5 4. Nf3 Be7 5. Nbd2 c5 6. cxd5 Qxd5 7. Qb3 Nc6 8.
dxc5 Qxc5 9. Bg2 e5 10. O-O e4 11. Ne1 Nd4 12. Qe3 Ng4 13. Qxe4 Bf5 14. Qxb7
Nxe2+ 15. Kh1 O-O 16. Ne4 Bxe4 17. Qxe4 Qh5 18. Qxg4 Qxg4 19. Bxa8 Rxa8 20. Be3
f5 21. Ng2 Qf3 22. Rad1 h5 23. h4 Bxh4 24. Rfe1 f4 25. Ra1 0-1

[Event "17. European Women's Championship 2016"]
[Site "Mamaia ROU"]
[Date "2016.06.04"]
[Round "8.37"]
[White "Stetsko, Lanita"]
[Black "Mirzoeva, Elmira"]
[Result "0-1"]
[WhiteElo "2220"]
[BlackElo "2344"]
[PlyCount "102"]
[EventDate "2016.05.27"]
[EventType "swiss"]
[EventRounds "11"]
[EventCountry "ROU"]
[Source "lmi"]
[SourceDate "2016.05.26"]

1. e4 c6 2. Nc3 d5 3. Nf3 Bg4 4. h3 Bxf3 5. Qxf3 Nf6 6. d4 dxe4 7. Qe3 Nbd7 8.
Nxe4 Nxe4 9. Qxe4 Nf6 10. Qh4 Qd5 11. c4 Qe4+ 12. Qxe4 Nxe4 13. Bd3 Nf6 14. Be3
e6 15. g4 Bd6 16. O-O-O O-O 17. f3 Rab8 18. Kb1 b5 19. c5 Bc7 20. Bc1 Rbd8 21.
Bg5 Rc8 22. f4 Nd5 23. f5 g6 24. Rhf1 Bd8 25. Bh6 Re8 26. Rf3 exf5 27. gxf5 Bf6
28. Rdf1 Bxd4 29. fxg6 fxg6 30. Rf7 Re1+ 31. Rxe1 Kxf7 32. Rd1 Be3 33. Rf1+ Kg8
34. Bxe3 Nxe3 35. Rf6 Rd8 36. Bc2 Rf8 37. Rxf8+ Kxf8 38. Be4 Nd5 39. Bxd5 cxd5
40. Kc2 Ke7 41. Kc3 a5 42. Kd4 Ke6 43. c6 Kd6 44. c7 Kxc7 45. Kxd5 Kd7 46. Kc5
g5 47. Kd5 h6 48. b3 b4 49. Ke5 Ke7 50. Kf5 Kf7 51. Ke5 Kg6 0-1

[Event "17. European Women's Championship 2016"]
[Site "Mamaia ROU"]
[Date "2016.06.04"]
[Round "8.38"]
[White "Fataliyeva, Ulviyya"]
[Black "Abdulla, Khayala"]
[Result "1-0"]
[WhiteElo "2301"]
[BlackElo "2209"]
[PlyCount "75"]
[EventDate "2016.05.27"]
[EventType "swiss"]
[EventRounds "11"]
[EventCountry "ROU"]
[Source "lmi"]
[SourceDate "2016.05.26"]

1. e4 e6 2. Qe2 c5 3. Nf3 Nc6 4. g3 g6 5. Bg2 Bg7 6. O-O Nge7 7. c3 d6 8. Rd1
e5 9. a3 a5 10. a4 O-O 11. Na3 h6 12. Nb5 f5 13. d3 Kh7 14. Nd2 Be6 15. Nc4 d5
16. exd5 Bxd5 17. f4 Bxg2 18. Qxg2 e4 19. Be3 exd3 20. Bxc5 Rf6 21. Qf3 Qg8 22.
b3 g5 23. fxg5 hxg5 24. Rxd3 g4 25. Qe2 Ng6 26. Re1 Rd8 27. Rxd8 Qxd8 28. Rd1
Qg8 29. Rd7 Re6 30. Qd3 Nce5 31. Nxe5 Nxe5 32. Qxf5+ Kh8 33. Rxg7 Kxg7 34. Bd4
Kh6 35. Bxe5 Rg6 36. Nd6 Qe6 37. Nf7+ Kh7 38. Ng5+ 1-0

[Event "17. European Women's Championship 2016"]
[Site "Mamaia ROU"]
[Date "2016.06.04"]
[Round "8.39"]
[White "Buksa, Nataliya"]
[Black "Pavlidou, Ekaterini"]
[Result "1/2-1/2"]
[WhiteElo "2288"]
[BlackElo "2209"]
[PlyCount "68"]
[EventDate "2016.05.27"]
[EventType "swiss"]
[EventRounds "11"]
[EventCountry "ROU"]
[Source "lmi"]
[SourceDate "2016.05.26"]

1. e4 c5 2. Nf3 g6 3. d4 cxd4 4. Nxd4 Bg7 5. c4 Nc6 6. Be3 Nf6 7. Nc3 d6 8. Be2
O-O 9. O-O Bd7 10. Qd2 Nxd4 11. Bxd4 Bc6 12. f3 a5 13. b3 Nd7 14. Be3 Nc5 15.
Rab1 e6 16. a3 Be5 17. g3 f5 18. exf5 Rxf5 19. b4 axb4 20. axb4 Qf6 21. Nd1 Na4
22. f4 Nc3 23. Nxc3 Bxc3 24. Qc1 Ra2 25. Bf3 Rh5 26. Bxc6 Rhxh2 27. Qd1 bxc6
28. Rf2 Rhxf2 29. Bxf2 Rd2 30. Qc1 Ra2 31. Qd1 Rd2 32. Qc1 Ra2 33. Qd1 Rd2 34.
Qc1 Ra2 1/2-1/2

[Event "17. European Women's Championship 2016"]
[Site "Mamaia ROU"]
[Date "2016.06.04"]
[Round "8.40"]
[White "Doluhanova, Evgeniya"]
[Black "Salimova, Nurgyul"]
[Result "1/2-1/2"]
[WhiteElo "2262"]
[BlackElo "2160"]
[PlyCount "156"]
[EventDate "2016.05.27"]
[EventType "swiss"]
[EventRounds "11"]
[EventCountry "ROU"]
[Source "lmi"]
[SourceDate "2016.05.26"]

1. e4 c6 2. d4 d5 3. Nc3 dxe4 4. Nxe4 h6 5. Nf3 Bf5 6. Bd3 e6 7. Bf4 Bxe4 8.
Bxe4 Nf6 9. Bd3 Bd6 10. Ne5 Qc7 11. Qe2 Nbd7 12. Bg3 O-O 13. O-O-O a5 14. h4 a4
15. a3 b5 16. c3 Rab8 17. Rh3 Nd5 18. Nxd7 Qxd7 19. Be5 f6 20. Bxd6 Qxd6 21.
Rg3 Nf4 22. Qg4 Nxd3+ 23. Rdxd3 Rb7 24. Rdf3 Qd5 25. Qf4 Kh7 26. Re3 Re7 27.
Rgf3 Rd8 28. g4 c5 29. Rd3 cxd4 30. Rxd4 Qa8 31. Rxd8 Qxd8 32. Qe4+ Kh8 33. Rd3
Rd7 34. Rxd7 Qxd7 35. Qa8+ Kh7 36. Qe4+ Kh8 37. Kc2 Qa7 38. Qe2 Qc5 39. h5 e5
40. Qd2 Qc6 41. Qd8+ Kh7 42. Qd3+ Kh8 43. f3 Qc5 44. Qe2 Qd5 45. Qe4 Qc5 46.
Kd3 Qf2 47. Qe2 Qc5 48. Qe3 Qc4+ 49. Kd2 Qb3 50. Kc1 Qc4 51. Qe4 Qf1+ 52. Kd2
Qf2+ 53. Qe2 Qc5 54. Qe3 Qd5+ 55. Qd3 Qc5 56. Qd8+ Kh7 57. Ke2 Qc6 58. Qd3+ Kh8
59. Ke3 Qb6+ 60. Ke4 Qb7+ 61. Qd5 Qa6 62. Qd8+ Kh7 63. Qd7 Qb6 64. Qd5 Qa6 65.
Kd3 Qb6 66. c4 bxc4+ 67. Qxc4 Qxb2 68. Qxa4 Qb1+ 69. Qc2 Qf1+ 70. Ke3+ Kh8 71.
Qc3 Qg1+ 72. Ke4 Qb1+ 73. Kd5 Qb5+ 74. Ke6 Qa6+ 75. Kf5 Qa8 76. Qd3 Qc8+ 77.
Ke4 Qc1 78. Qd8+ Kh7 1/2-1/2

[Event "17. European Women's Championship 2016"]
[Site "Mamaia ROU"]
[Date "2016.06.04"]
[Round "8.41"]
[White "Raeva, Elitsa"]
[Black "Isgandarova, Khayala"]
[Result "0-1"]
[WhiteElo "2254"]
[BlackElo "2193"]
[PlyCount "66"]
[EventDate "2016.05.27"]
[EventType "swiss"]
[EventRounds "11"]
[EventCountry "ROU"]
[Source "lmi"]
[SourceDate "2016.05.26"]

1. d4 Nf6 2. c4 g6 3. Nc3 Bg7 4. e4 d6 5. f3 c6 6. Be3 a6 7. Qd2 b5 8. Rc1 O-O
9. Bd3 Nbd7 10. Nge2 e5 11. O-O exd4 12. Nxd4 Ne5 13. cxb5 axb5 14. a3 Nxd3 15.
Qxd3 Bb7 16. Rfd1 Nd7 17. Nb3 Ne5 18. Qe2 Qe7 19. Kh1 f5 20. Bd4 fxe4 21. Nxe4
c5 22. Nbxc5 dxc5 23. Bxc5 Qh4 24. Bf2 Qh5 25. Ng3 Qh6 26. Rc7 Nxf3 27. h3 Rae8
28. Qxb5 Bc8 29. Qd5+ Be6 30. Qe4 Bxh3 31. Rxg7+ Kxg7 32. Bd4+ Kg8 33. Be3
Bxg2+ 0-1

[Event "17. European Women's Championship 2016"]
[Site "Mamaia ROU"]
[Date "2016.06.04"]
[Round "8.42"]
[White "Drozdova, Dina"]
[Black "Cosman, Andreea-Marioara"]
[Result "1-0"]
[WhiteElo "2235"]
[BlackElo "2101"]
[PlyCount "63"]
[EventDate "2016.05.27"]
[EventType "swiss"]
[EventRounds "11"]
[EventCountry "ROU"]
[Source "lmi"]
[SourceDate "2016.05.26"]

1. d4 d5 2. Nf3 c6 3. g3 Nf6 4. Bg2 h6 5. Qd3 e6 6. O-O Bd6 7. c4 O-O 8. Nc3
Nbd7 9. e4 dxc4 10. Qxc4 e5 11. dxe5 Nxe5 12. Nxe5 Bxe5 13. Be3 Be6 14. Qe2 Qa5
15. Rfc1 Rad8 16. h3 Bd4 17. Bxd4 Rxd4 18. Rd1 Rfd8 19. Rxd4 Rxd4 20. Rd1 Qd8
21. b3 a5 22. Rxd4 Qxd4 23. Qc2 Nd7 24. Ne2 Qa1+ 25. Kh2 a4 26. f4 axb3 27.
axb3 Qa3 28. Nd4 Nc5 29. f5 Qb4 30. fxe6 Qxd4 31. e7 Qe5 32. Qxc5 1-0

[Event "17. European Women's Championship 2016"]
[Site "Mamaia ROU"]
[Date "2016.06.04"]
[Round "8.43"]
[White "Balaian, Alina"]
[Black "Narva, Mai"]
[Result "0-1"]
[WhiteElo "2230"]
[BlackElo "2121"]
[PlyCount "122"]
[EventDate "2016.05.27"]
[EventType "swiss"]
[EventRounds "11"]
[EventCountry "ROU"]
[Source "lmi"]
[SourceDate "2016.05.26"]

1. e4 c5 2. Nc3 Nc6 3. g3 g6 4. d3 Bg7 5. Be3 d6 6. Qd2 Rb8 7. Bg2 b5 8. f4 b4
9. Nd1 a5 10. Ne2 Nd4 11. Nc1 e6 12. c3 Nc6 13. a4 Nge7 14. O-O O-O 15. g4 f5
16. gxf5 gxf5 17. exf5 Rxf5 18. Ne2 Rf8 19. Ng3 Qe8 20. Qe2 e5 21. Nh5 Qg6 22.
Nxg7 Qxg7 23. Kh1 Bb7 24. Be4 Kh8 25. f5 Nxf5 26. Qh5 Nce7 27. Rg1 Ng6 28. c4
Bxe4+ 29. dxe4 Qb7 30. Rxg6 Qxe4+ 31. Rg2 Nh4 32. Qe2 Rf5 33. Bxc5 Qxg2+ 34.
Qxg2 Nxg2 35. Bf2 Nf4 36. Ne3 Rf7 37. Bg3 Ne2 38. Bh4 Rc8 39. Rd1 Nd4 40. Bg3
Nf5 41. Nxf5 Rxf5 42. Rxd6 Rxc4 43. Rd5 Rc2 44. Kg1 Kg8 45. Rxa5 Rxb2 46. Rb5
b3 47. a5 Rf3 48. a6 Ra2 49. Rb8+ Kf7 50. Rb7+ Ke6 51. a7 e4 52. Be1 h5 53. h4
Kd5 54. Ba5 Rxa5 55. Rb5+ Kc4 56. Rxa5 b2 57. Ra4+ Kc3 58. Ra3+ Kc2 59. a8=Q
b1=Q+ 60. Kh2 Rf2+ 61. Kg3 Qg1+ 0-1

[Event "17. European Women's Championship 2016"]
[Site "Mamaia ROU"]
[Date "2016.06.04"]
[Round "8.44"]
[White "Petrenko, Svetlana"]
[Black "Gvetadze, Sofio"]
[Result "1-0"]
[WhiteElo "2182"]
[BlackElo "2311"]
[PlyCount "103"]
[EventDate "2016.05.27"]
[EventType "swiss"]
[EventRounds "11"]
[EventCountry "ROU"]
[Source "lmi"]
[SourceDate "2016.05.26"]

1. e4 c6 2. d4 g6 3. c4 Bg7 4. Nc3 d6 5. h3 Nd7 6. Nf3 e5 7. d5 c5 8. g4 Ne7 9.
Rg1 h5 10. g5 a6 11. Be3 Rb8 12. a4 Nb6 13. Nh4 Bd7 14. Rg3 Na8 15. f4 exf4 16.
Bxf4 Nc8 17. Bd3 Qe7 18. Qe2 Nc7 19. e5 dxe5 20. Bxe5 Bxe5 21. Re3 Kd8 22. Rxe5
Qxe5 23. Qxe5 Re8 24. Nf3 Bxh3 25. Ne4 Rxe5 26. Nxe5 Ke7 27. Kd2 Ne8 28. Re1
Ned6 29. Nf2 Bf5 30. Nc6+ Kd7 31. Bxf5+ Nxf5 32. Nxb8+ Kc7 33. Nxa6+ bxa6 34.
Ne4 Kb6 35. Kc3 a5 36. Rf1 h4 37. Rh1 Kc7 38. Nxc5 Ncd6 39. Kd3 Kb6 40. Nd7+
Kc7 41. Ne5 Nb7 42. Nxf7 Nc5+ 43. Kc2 Ne3+ 44. Kb1 Nxc4 45. Rxh4 Nb6 46. Rh6
Nxd5 47. Rxg6 Ne7 48. Rf6 Nd7 49. Re6 Nf5 50. Ne5 Nb6 51. Rc6+ Kb7 52. Rf6 1-0

[Event "17. European Women's Championship 2016"]
[Site "Mamaia ROU"]
[Date "2016.06.04"]
[Round "8.45"]
[White "Galunova, Tsveta"]
[Black "Belenkaya, Dina"]
[Result "0-1"]
[WhiteElo "2149"]
[BlackElo "2289"]
[PlyCount "78"]
[EventDate "2016.05.27"]
[EventType "swiss"]
[EventRounds "11"]
[EventCountry "ROU"]
[Source "lmi"]
[SourceDate "2016.05.26"]

1. Nf3 d5 2. c4 dxc4 3. e4 c5 4. Bxc4 Nc6 5. Nc3 e6 6. O-O a6 7. a4 Bd6 8. Re1
Qc7 9. h3 Ne5 10. Nxe5 Bxe5 11. Ne2 Ne7 12. d3 Ng6 13. Qd2 Bd7 14. f4 Bf6 15.
Qc2 O-O 16. a5 Bb5 17. e5 Be7 18. Bd2 Nh4 19. Ng3 Rfd8 20. Bc3 Bc6 21. Re2 Bd5
22. Rf2 Nf5 23. Nxf5 exf5 24. Rd2 Rd7 25. Kh2 Rad8 26. Rad1 Qc6 27. Qb1 Qh6 28.
g3 Bf3 29. Rg1 g5 30. Rf2 g4 31. Qf1 Bc6 32. Re2 Rxd3 33. Bxd3 Rxd3 34. Rf2 c4
35. Rd2 Rf3 36. Qg2 Rxc3 37. bxc3 Bxg2 38. Rgxg2 Qxh3+ 39. Kg1 Bc5+ 0-1

[Event "17. European Women's Championship 2016"]
[Site "Mamaia ROU"]
[Date "2016.06.04"]
[Round "8.46"]
[White "Sandu, Mihaela"]
[Black "Sazonova, Anastasia"]
[Result "1/2-1/2"]
[WhiteElo "2246"]
[BlackElo "2085"]
[PlyCount "51"]
[EventDate "2016.05.27"]
[EventType "swiss"]
[EventRounds "11"]
[EventCountry "ROU"]
[Source "lmi"]
[SourceDate "2016.05.26"]

1. e4 e6 2. d4 d5 3. Nc3 Nf6 4. Bg5 dxe4 5. Nxe4 Nbd7 6. Nf3 Be7 7. Nxf6+ Bxf6
8. h4 O-O 9. Bd3 c5 10. Bxf6 Nxf6 11. dxc5 Qa5+ 12. Qd2 Qxc5 13. O-O-O b6 14.
Rhe1 Bb7 15. Ne5 Rfd8 16. h5 Rac8 17. Kb1 Be4 18. Qf4 Bxd3 19. cxd3 Rd4 20. Qd2
Qd6 21. h6 g6 22. Rc1 Rc5 23. Rxc5 bxc5 24. Qg5 Nd5 25. Nc4 Qb8 26. Ne3 1/2-1/2

[Event "17. European Women's Championship 2016"]
[Site "Mamaia ROU"]
[Date "2016.06.04"]
[Round "8.47"]
[White "Sviridova, Vlada"]
[Black "Zherebtsova, Alexandra"]
[Result "1/2-1/2"]
[WhiteElo "2137"]
[BlackElo "2200"]
[PlyCount "56"]
[EventDate "2016.05.27"]
[EventType "swiss"]
[EventRounds "11"]
[EventCountry "ROU"]
[Source "lmi"]
[SourceDate "2016.05.26"]

1. d4 Nf6 2. Nf3 c5 3. c4 cxd4 4. Nxd4 e5 5. Nb5 d5 6. cxd5 Bc5 7. N5c3 O-O 8.
e3 Bf5 9. Be2 Nbd7 10. a3 a5 11. Nd2 e4 12. g4 Bg6 13. g5 Ne8 14. Ndxe4 Be7 15.
h4 f5 16. Ng3 Nd6 17. Qd4 Bf7 18. f4 Re8 19. Kf2 Rc8 20. Rd1 Nc5 21. Rb1 Nb3
22. Qd3 Bf8 23. Nb5 Nc5 24. Qd4 Nde4+ 25. Kg2 Nb3 26. Qd3 Nbc5 27. Qd4 Nb3 28.
Qd3 Nbc5 1/2-1/2

[Event "17. European Women's Championship 2016"]
[Site "Mamaia ROU"]
[Date "2016.06.04"]
[Round "8.48"]
[White "Khalafova, Narmin"]
[Black "Makropoulou, Marina"]
[Result "1/2-1/2"]
[WhiteElo "2193"]
[BlackElo "2143"]
[PlyCount "81"]
[EventDate "2016.05.27"]
[EventType "swiss"]
[EventRounds "11"]
[EventCountry "ROU"]
[Source "lmi"]
[SourceDate "2016.05.26"]

1. e4 c5 2. Nf3 e6 3. d4 cxd4 4. Nxd4 Nc6 5. Nc3 Qc7 6. Be3 a6 7. Be2 Nf6 8.
O-O Bb4 9. Na4 Be7 10. Nxc6 bxc6 11. Nb6 Rb8 12. Nxc8 Qxc8 13. e5 Nd5 14. Bc1
c5 15. c4 Nb4 16. f4 Nc6 17. Bd3 g6 18. Kh1 Nd4 19. Rb1 Qc6 20. Bd2 h5 21. Re1
d5 22. exd6 Qxd6 23. Bc3 O-O 24. Qd2 Rfd8 25. Rbd1 Bf8 26. Qf2 Bg7 27. Ba5 Re8
28. Rf1 Qc6 29. b3 Nf5 30. Qe2 Nd4 31. Qf2 Nf5 32. Qe1 Nd4 33. Be4 Qc8 34. Qh4
Nf5 35. Qh3 Bd4 36. Rf3 Nd6 37. Re1 Nxe4 38. Rxe4 Qc6 39. Re1 e5 40. fxe5 Rxe5
41. Rxe5 1/2-1/2

[Event "17. European Women's Championship 2016"]
[Site "Mamaia ROU"]
[Date "2016.06.04"]
[Round "8.49"]
[White "Utiatskaja, Irina"]
[Black "Rogozenco, Teodora"]
[Result "1-0"]
[WhiteElo "2181"]
[BlackElo "2104"]
[PlyCount "65"]
[EventDate "2016.05.27"]
[EventType "swiss"]
[EventRounds "11"]
[EventCountry "ROU"]
[Source "lmi"]
[SourceDate "2016.05.26"]

1. d4 g6 2. c4 Bg7 3. e4 d6 4. Nc3 Nf6 5. Nf3 O-O 6. Be2 e5 7. d5 a5 8. Bg5 h6
9. Bh4 g5 10. Bg3 Nh5 11. Nd2 Nf4 12. O-O Qd7 13. h3 Nxe2+ 14. Qxe2 Na6 15. b3
Qd8 16. a3 c5 17. Nb5 Qe7 18. Bh2 f5 19. exf5 Bxf5 20. Ne4 Rad8 21. g4 Bg6 22.
f3 Rd7 23. Kg2 Be8 24. Bg3 Rd8 25. Nbc3 Bd7 26. Qe3 Rf7 27. Rh1 Re8 28. Raf1
Bf8 29. h4 Rg7 30. hxg5 hxg5 31. Rh5 Rh7 32. Rfh1 Rxh5 33. Rxh5 1-0

[Event "17. European Women's Championship 2016"]
[Site "Mamaia ROU"]
[Date "2016.06.04"]
[Round "8.50"]
[White "Tsatsalashvili, Keti"]
[Black "Narva, Regina"]
[Result "1-0"]
[WhiteElo "2278"]
[BlackElo "2019"]
[PlyCount "71"]
[EventDate "2016.05.27"]
[EventType "swiss"]
[EventRounds "11"]
[EventCountry "ROU"]
[Source "lmi"]
[SourceDate "2016.05.26"]

1. d4 Nf6 2. c4 e5 3. d5 Bc5 4. e3 d6 5. Nc3 Bf5 6. Nf3 h6 7. Be2 Nbd7 8. O-O
g5 9. Nd2 a6 10. Kh1 Qe7 11. a3 h5 12. b4 Ba7 13. c5 dxc5 14. Nc4 b5 15. Na5
cxb4 16. Na2 Bb6 17. Nc6 Qd6 18. Naxb4 a5 19. Na2 Qxd5 20. Qxd5 Nxd5 21. Bxb5
f6 22. a4 Ne7 23. f4 gxf4 24. exf4 Be4 25. Nxe7 Kxe7 26. Nc3 Bb7 27. Ba3+ Nc5
28. fxe5 Rag8 29. exf6+ Kd8 30. Rad1+ Kc8 31. Nd5 Rg5 32. Ne7+ Kb8 33. Nc6+
Bxc6 34. Bxc6 h4 35. f7 Ne6 36. f8=Q+ 1-0

[Event "17. European Women's Championship 2016"]
[Site "Mamaia ROU"]
[Date "2016.06.04"]
[Round "8.51"]
[White "Coman, Emilia-Florentina"]
[Black "Nikoladze, Sopio"]
[Result "0-1"]
[WhiteElo "1891"]
[BlackElo "2155"]
[PlyCount "62"]
[EventDate "2016.05.27"]
[EventType "swiss"]
[EventRounds "11"]
[EventCountry "ROU"]
[Source "lmi"]
[SourceDate "2016.05.26"]

1. d4 d6 2. e4 Nf6 3. Bd3 e5 4. Nf3 exd4 5. Nxd4 Be7 6. O-O O-O 7. c3 c5 8. Ne2
b6 9. Nd2 Bb7 10. f4 Re8 11. Qc2 Bf8 12. Ng3 Nbd7 13. Nf3 b5 14. b3 Qc7 15. c4
bxc4 16. bxc4 g6 17. e5 dxe5 18. Nxe5 Bg7 19. Bb2 Rad8 20. Ne4 Nxe4 21. Bxe4
Nxe5 22. fxe5 Bxe5 23. Bxb7 Qxb7 24. Bxe5 Rxe5 25. Rab1 Qe7 26. Qb2 Re2 27. Qb7
Rdd2 28. Qxe7 Rxe7 29. Rb8+ Kg7 30. Rf2 Re1+ 31. Rf1 Ree2 0-1